A major difference? Fields of study and male-female pay differences in federal employment (Record no. 83126)

000 -LEADER
fixed length control field 01426pab a2200193 454500
008 - FIXED-LENGTH DATA ELEMENTS--GENERAL INFORMATION
fixed length control field 180718b2009 xxu||||| |||| 00| 0 eng d
100 ## - MAIN ENTRY--PERSONAL NAME
Personal name Lewis, Gregory B.
245 ## - TITLE STATEMENT
Title A major difference? Fields of study and male-female pay differences in federal employment
260 ## - PUBLICATION, DISTRIBUTION, ETC.
Date of publication, distribution, etc. 2009
300 ## - PHYSICAL DESCRIPTION
Extent p.107-24.
362 ## - DATES OF PUBLICATION AND/OR SEQUENTIAL DESIGNATION
Dates of publication and/or sequential designation Mar
520 ## - SUMMARY, ETC.
Summary, etc. Men's greater tendency to study such high-paying fields as engineering, computer science, and business may account for half of the pay gap between male and female college graduates in the general economy, and women's mobility into traditionally male fields may explain the closing of the gender pay gap in recent decades. Do similar patterns hold for the federal civil service? Using 1% samples of college graduates in 1983, 1993, and 2003, we find that most of women's average pay rose from 72% to 89% of men's, largely because women's seniority levels rose and pay differences between seemingly comparable male and female college graduates fell. Women's concentration in lower paying fields of study explains another 3% or 4% of the pay disparity, but women's migration into fields traditionally dominated by men has not contributed much to the narrowing of the pay gap. - Reproduced.
650 ## - SUBJECT ADDED ENTRY--TOPICAL TERM
Topical term or geographic name entry element Civil service - Salaries, etc.Wages
650 ## - SUBJECT ADDED ENTRY--TOPICAL TERM
Topical term or geographic name entry element Civil service
700 ## - ADDED ENTRY--PERSONAL NAME
Personal name Oh, Seong Soo
773 ## - HOST ITEM ENTRY
Main entry heading American Review of Public Administration
908 ## - PUT COMMAND PARAMETER (RLIN)
Put command parameter N
909 ## -
-- 83126
Holdings
Withdrawn status Lost status Damaged status Not for loan Permanent Location Current Location Date acquired Serial Enumeration / chronology Barcode Date last seen Price effective from Koha item type
        Indian Institute of Public Administration Indian Institute of Public Administration 2018-07-19 Volume no: 39, Issue no: 2 AR83586 2018-07-19 2018-07-19 Articles

Powered by Koha